NURSING RESEARCH (Record no. 2035)

MARC details
000 -LEADER
fixed length control field 00274nam a2200133Ia 4500
082 ## - DEWEY DECIMAL CLASSIFICATION NUMBER
Classification number 610.72
Item number N11P
100 ## - MAIN ENTRY--PERSONAL NAME
Personal name POLIT , DENISE F.
245 ## - TITLE STATEMENT
Title NURSING RESEARCH
250 ## - EDITION STATEMENT
Edition statement 9TH
260 ## - PUBLICATION, DISTRIBUTION, ETC. (IMPRINT)
Name of publisher, distributor, etc WOLTERS
Place of publication, distribution, etc INDIA
Year of Publication 2011
300 ## - PAGE DESCRIPTION
No. of Pages 802
650 ## - SUBJECT ADDED ENTRY--TOPICAL TERM
Topical term or geographic name as entry element NURSING
942 ## - ADDED ENTRY ELEMENTS (KOHA)
Source of classification or shelving scheme Dewey Decimal Classification
Koha item type Books
Holdings
Withdrawn status Lost status Source of classification or shelving scheme Damaged status Not for loan Collection code Home library Current library Shelving location Date acquired Vendor Name Cost, normal purchase price SGTU Bill Number Total Checkouts Full call number Accession No. (Barcode) Date last seen Date last borrowed Bill Date Koha item type
  Lost and Paid For Dewey Decimal Classification     NURSING SGT Medical Library SGT Medical Library Text Book 19/04/2012 UBS DELHI 8895.00 SGTU 46 2 610.72 N11P FN630 15/06/2023 10/06/2022 19/04/2012 Books